Analýza vplyvu menovej politiky na úrokové príjmy a výdavky podnikov a obyvateľstva

Analýza dopadov zmien nominálnych sadzieb na nominálne úrokové príjmy a výdavky podnikov a obyvateľstva, resp. na priemernú stavovú úrokovú mieru, ktorá je jedným z determinantov výšky týchto príjmov a výdavkov. Článok analyzuje údaje za úrokové náklady a výnosy bánk, ktoré z pohľadu ekonomických s...

Descrizione completa

Salvato in:
Dettagli Bibliografici
Autore principale: Čársky, Rastislav
Altri autori: Trajlinková, Katarína
Natura: Capitolo di libro
Lingua:slovacco
Soggetti:
Tags: Aggiungi Tag
Nessun Tag, puoi essere il primo ad aggiungerne!!

MARC

LEADER 00000naa$a2200000$$$4500
001 0055440
005 20231116083403.9
041 0 |a slo 
044 |a SK 
245 1 0 |a Analýza vplyvu menovej politiky na úrokové príjmy a výdavky podnikov a obyvateľstva  |c Rastislav Čársky, Katarína Trajlinková 
520 |a Analýza dopadov zmien nominálnych sadzieb na nominálne úrokové príjmy a výdavky podnikov a obyvateľstva, resp. na priemernú stavovú úrokovú mieru, ktorá je jedným z determinantov výšky týchto príjmov a výdavkov. Článok analyzuje údaje za úrokové náklady a výnosy bánk, ktoré z pohľadu ekonomických subjektov predstavujú úrokové príjmy a úrokové výdavky. Analýza zahŕňa obdobie do roku 2005. 
610 2 0 |a analýza ekonomická 
610 2 0 |a príjmy 
610 2 0 |a výdavky 
610 2 0 |a výnosy podnikové 
610 2 0 |a politika menová 
100 1 |a Čársky, Rastislav 
700 1 |a Trajlinková, Katarína